Význam glykemického indexu potravín pri stravovaní diabetikov
Uložené v:
| Hlavný autor: | |
|---|---|
| Ďalší autori: | |
| Médium: | Rukopis Kniha |
| Jazyk: | Slovak |
| Vydavateľské údaje: |
2021
|
| Predmet: | |
| On-line prístup: | http://is.stuba.sk/zp/portal_zp.pl?podrobnosti=151198 |
| Tagy: |
Žiadne tagy, Buďte prvý, kto otaguje tento záznam!
|
MARC
| LEADER | 00000ntm a22000003a 4500 | ||
|---|---|---|---|
| 001 | stuzp83881 | ||
| 003 | SK-STU | ||
| 005 | 20210626211127.9 | ||
| 007 | ta | ||
| 008 | 150427s2015----xo-----f-mn---000-0-slo-d | ||
| 040 | |a STU |b slo | ||
| 041 | 0 | |a slo | |
| 100 | 1 | |a Krekáňová, Katarína |u 040250 |4 aut |U FCHPT Ústav potravinárstva a výživy |T FCHPT Oddelenie potravinárskej technológie |X 98963 |U C0250 |Y 685 |7 98963 | |
| 242 | 0 | 1 | |a The importance of the Glycemic Index of Food in the Diet of Diabetics |y eng |
| 245 | 1 | 0 | |a Význam glykemického indexu potravín pri stravovaní diabetikov |
| 260 | |c 2021 | ||
| 650 | 4 | |a potraviny |2 slo | |
| 650 | 4 | |a glykemický index |2 slo | |
| 650 | 4 | |a glykémia |2 slo | |
| 650 | 4 | |a diabetes |2 slo | |
| 650 | 4 | |a food |2 eng | |
| 650 | 4 | |a glycemic index |2 eng | |
| 650 | 4 | |a glycemia |2 eng | |
| 650 | 4 | |a diabetes |2 eng | |
| 700 | 1 | |a Kohajdová, Zlatica |u 040250 |k Z1 |4 ths |U FCHPT Ústav potravinárstva a výživy |T FCHPT Oddelenie potravinárskej technológie |X 3953 |U C0250 |Y 685 |7 A000003953 | |
| 856 | 4 | |u http://is.stuba.sk/zp/portal_zp.pl?podrobnosti=151198 | |